00413 2200169 4500001002100000005001500021008004100036020001700077035001900094041000700113082000800120090000800128100002400136245002500160260003800185300002000223INLIS00000000000904820241224113744241224||||||||| | ||| |||| || |  a979-222-1394 0010-1224009048 aid0 a330 a3300 aWilliam Tanuwidjaja00aDuit berkembang biak aYogyakartabMedia Pressindoc2006 a122 Hlm;17,5 cm